| 000 | 01427cam a22002054a 4500 | ||
|---|---|---|---|
| 005 | 20250605164145.0 | ||
| 008 | 250528s ||||||||||||||||||||||||d | ||
| 035 | _a19151 | ||
| 020 | _a194314227 | ||
| 040 |
_aGR-AtMCL _bgre _dGR-AtMCL _eAACR2 |
||
| 245 | 1 | _aOxford Advanced Learner's Dictionary / Of Current English | |
| 250 | _a5th | ||
| 260 |
_bOxford University Press, _c1995 |
||
| 300 | _a1430 | ||
| 520 | _aMillions of students around the world have improved their written and spoken English using the Oxford Advanced Learner's Dictionary. Preface, Key to Dictionary Entries, Using Your Dictionary, The Dictionary, Language Study Pages, Linking Words Together, Phrasal Verbs, Collocation, Idioms, Polite Expressions, Nouns and Adjectives, Verbs, Maps and Geographical Information, Geographical Names, The World, Canada and the United States of America, The British Isles, Central Europe, Cultural Information, The Commonwealth, United Kingdom Constitution and Government, United States Constitution and Government, The Legal System in England and Wales, The legal System in the United States, The Vocabulary of English, Appendices, Irregular Verbs, Numbers, Punctuation and Writing, Family Relationships, Common First Names, Ranks in the Armed Forces, Chemical Elements, SI Units, Notes on Usage, Defining Vocabulary. | ||
| 700 | 1 |
_aCrowther Jonathan _95390 |
|
| 942 | _cBK | ||
| 999 |
_c4428 _d4428 |
||